[Event "EU-ch Online U18 Girls"]
[Site "Tornelo INT"]
[Date "2020.09.20"]
[Round "7"]
[White "Malicka, Maria"]
[Black "Hereklioglu, Sude"]
[Result "1-0"]
[WhiteElo "2256"]
[BlackElo "1905"]
[PlyCount "119"]
[EventDate "2020.09.18"]
[EventType "swiss (rapid)"]
[EventRounds "9"]
[EventCountry "ENG"]
[SourceTitle "CBM 198 Extra"]
[Source "ChessBase"]
[SourceDate "2020.11.30"]
[SourceVersion "1"]
[SourceVersionDate "2020.11.30"]
[SourceQuality "1"]

1. e4 c5 2. Nf3 e6 3. d4 cxd4 4. Nxd4 a6 5. c4 Qc7 6. Nc3 Nf6 7. Be2 Bb4 8. 0-0 Nc6 9. Nxc6 bxc6 10. Qd3 h5 11. h3 Bb7 12. f4 Qb6+ 13. Kh2 Be7 14. Be3 c5 15. e5 Ng4+ 16. hxg4 hxg4+ 17. Kg1 Qc6 18. Rf2 Bh4 19. Bf1 Bxf2+ 20. Kxf2 Rh2 21. Ke1 0-0-0 22. Rd1 f6 23. Qe2 fxe5 24. fxe5 d6 25. Qxg4 dxe5 26. Rxd8+ Kxd8 27. Qxg7 Rh1 28. Qf8+ Kd7 29. Kd2 Qd6+ 30. Qxd6+ Kxd6 31. Ke2 Rh2 32. Kf2 Rh8 33. Na4 Rf8+ 34. Ke1 Rc8 35. Kd2 Be4 36. Ke1 Bc2 37. b3 Bb1 38. Nc3 Bf5 39. Be2 Rg8 40. Bf3 Rh8 41. Ne4+ Bxe4 42. Bxe4 Rh1+ 43. Kd2 a5 44. a4 Rh4 45. Kd3 Rg4 46. Bf3 Rg3 47. Bf2 Rg8 48. Be1 Rb8 49. Kc2 e4 50. Bxe4 Rf8 51. Bxa5 Ke5 52. Bf3 Kd4 53. Bc3+ Ke3 54. a5 e5 55. Bxe5 Rd8 56. Bc3 Rd7 57. a6 Ra7 58. Bb7 Kf4 59. Ba5 Kg3 60. Bb6 1-0

[Event "EU-ch Online U18 Girls"]
[Site "Tornelo INT"]
[Date "2020.09.19"]
[Round "4"]
[White "Alekseenko, Yuliya"]
[Black "Hereklioglu, Sude"]
[Result "1-0"]
[WhiteElo "1880"]
[BlackElo "1905"]
[PlyCount "133"]
[EventDate "2020.09.18"]
[EventType "swiss (rapid)"]
[EventRounds "9"]
[EventCountry "ENG"]
[SourceTitle "CBM 198 Extra"]
[Source "ChessBase"]
[SourceDate "2020.11.30"]
[SourceVersion "1"]
[SourceVersionDate "2020.11.30"]
[SourceQuality "1"]

1. d4 Nf6 2. c4 g6 3. Nc3 Bg7 4. e4 d6 5. f3 0-0 6. Be3 Nbd7 7. Qd2 e5 8. d5 a5 9. Bd3 Nc5 10. Bc2 Nh5 11. Nge2 f5 12. 0-0-0 f4 13. Bxc5 dxc5 14. d6 Be6 15. b3 c6 16. d7 Rf7 17. Qd6 Qxd7 18. Qxc5 Qc7 19. Qd6 Re8 20. Qxc7 Rxc7 21. Rd3 Nf6 22. Rhd1 Nd7 23. Kb2 Nc5 24. Rd8 Kf7 25. g3 g5 26. h4 h6 27. hxg5 hxg5 28. g4 Ke7 29. Rxe8+ Kxe8 30. a3 Bf7 31. b4 axb4 32. axb4 Ne6 33. Bb3 Nd4 34. Rd3 Nxb3 35. Kxb3 b5 36. Rd6 Bxc4+ 37. Kc2 Bf8 38. Rg6 Bxb4 39. Rxg5 Bd6 40. Nc1 b4 41. Na4 Bf7 42. Nb3 c5 43. Nb6 c4 44. Na5 b3+ 45. Kc3 Ra7 46. Naxc4 Rc7 47. Kxb3 Bc5 48. Nd5 Bxd5 49. Rxe5+ Re7 50. Rxd5 Be3 51. Re5 Rxe5 52. Nxe5 Ke7 53. Kc4 Kf6 54. Nd7+ Kg5 55. Kd3 Kh4 56. Ne5 Kg5 57. Nc4 Bc1 58. e5 Kg6 59. Ke4 Kf7 60. Nd6+ Ke6 61. Nf5 Bb2 62. Nd4+ Kf7 63. Ne2 Ba3 64. Nxf4 Ke7 65. Kf5 Bb2 66. Nd5+ Kf8 67. f4 1-0